000 007140000a22002290004500
003 LK-CoMWRAF
005 20230921143355.0
008 230817t1992 ||||| |||| 00| 0 eng d
020 _a8171004334
040 _aLK-CoMWRAF
_dLK-CoMWRAF
_eLK-CoMWRAF
041 _aeng
082 _a346.5
_bQUR
100 _aQureshi, M.A.
245 _aMuslim law of marriage, divorce and maintenance
260 _aNew Delhi:
_bDeep & Deep,
_c1992
300 _axxxix, 455 p. ; 23 cm.
_bBibliography and index included
650 _aMARRIAGE (ISLAMIC LAW)-India
650 _aDivorce (Islamic Law)-India
650 _aDomestic relations (Islamic law)--India.
650 _aMuslims--Legal status, laws,-India.
942 _cBK
999 _c2447
_d2447